| 000 | 02954nam a22003135a 4500 | ||
|---|---|---|---|
| 001 | 195944 | ||
| 003 | ES-MaACL | ||
| 005 | 20250804062710.0 | ||
| 008 | 240803s2023 sp ||||| |||| 00| 0 spa d | ||
| 017 | _aCA 304-2023 | ||
| 020 | _a9798394429491 | ||
| 040 | _cES-MaACL | ||
| 100 | 1 |
_9234283 _aBenítez, Jesús, _d1957- _eaut |
|
| 245 |
_a2060 / _cJesús Benítez Benítez. |
||
| 250 | _aPrimera edición: mayo de 2023 | ||
| 260 |
_aCádiz : _bMultiverso, _c2023. |
||
| 300 |
_a308 pág. : _c21 cm. |
||
| 336 |
_2rdacontent _aTexto |
||
| 337 |
_2rdamedia _asin mediación |
||
| 338 |
_2rdacarrier _avolumen |
||
| 520 | _aLa novela titulada “2060” describe un relato real e irreal al mismo tiempo, en el que el protagonista, el heterónimo Bernardo Soares, con el desasosiego y emoción, propios de los personajes de Pessoa, junto a los otros personajes que figuran en ella, nos introduce en una aventura en la que se entremezclan acontecimientos verdaderos, descubrimientos científicos y el enfrentamiento entre los poderes ocultos que rigen el proceso de evolución tecnológica en el planeta. En ella se hace mención a hechos relacionados con la presencia extraterrestre, a los descubrimientos derivados de la ingeniería inversa y su influencia en nuestras vidas, pero en especial, se analiza la situación presente en la sociedad, gobernada por la tecnología, los intereses económicos y también a las previsiones que existen de cara al futuro, en especial, a partir del gran cambio que los científicos anuncian a partir del año 2060. ¿Qué está ocurriendo? ¿Somos conscientes de la realidad?, ¿Cuál es la realidad verdadera? Jesús Benítez, el autor de la obra, investiga y nos hace participar, mediante un relato trepidante, en las experiencias de la bilocación, pudiendo llegar a vislumbrar los acontecimientos humanos y naturales que al parecer podrán tener lugar. Todo ello en un marco psicológico muy emocional, en el que la naturaleza humana se presenta ante nosotros con los valores que más nos definen. Se trata de una novela intrigante, novedosa, que nos proporciona datos contrastados, algunos inimaginables, que se encuentran ante nosotros, sin que hayamos tenido la oportunidad de descubrirlos o de ser conscientes de ellos con la claridad que se describen en la peculiar aventura del protagonista. Se trata de una novela, de un libro de divulgación científica, de carácter histórico y premonitorio, que se desarrolla con un ritmo, cada vez más acelerado e inquietante, que nos hará reflexionar a todos. | ||
| 655 | 0 |
_aNovelas _9234319 |
|
| 852 |
_aES-MaACL _bR.154697 _cDEPOJ _jN-9068 _hDonación: Jesús Benítez Benítez _xEncuadernación rústica _9204972 |
||
| 903 |
_9234283 _aBenítez, Jesús, _d1957- _ednr |
||
| 942 |
_cMONOGRAFIA _n0 |
||
| 999 |
_c195944 _d195944 |
||